000 00411cam a2200145u 4500
001 8859774
005 20250627101650.0
008 810313s1954 miu 000 0 eng
050 0 0 _aBS1180
_b.U6
100 1 _aUnger, Merrill Frederick,
_d1909- [from old catalog]
245 1 0 _aArcheology and the Old Testament.
260 _aGrand Rapids,
_bZondervan Pub. House
_c[1954]
300 _ap. cm.
942 _2lcc
_cBK
_n0
999 _c6723
_d6723